| 000 | 01085nam a2200217Ia 4500 | ||
|---|---|---|---|
| 008 | 0000002010 gw ad 0000000000mul00 | ||
| 090 | _aPSP00 E77e2 | ||
| 245 | 1 | 0 |
_aEsteban Lisa _b: 22 gouachen und gemalde aus dem nachlass |
| 300 |
_a47 p. _c/ 25 cm. |
||
| 500 | _aExposición realizada en GaleristraBe 2b, Munich, octubre 23 noviembre 12, 2010 \ Incluye datos biográficos del artista \ Texto bilingue: alemán inglés \ Proyecto Ganador Programa Apoyos Concertados FGAA 2010 | ||
| 501 | _aFaces I know from my dreams : observations on the work of Esteban Lisa / Paul Ingendaay The story of a discovery : the painter Esteban Lisa in Buenos Aires / Wolfgang Becker | ||
| 600 | 0 | 0 |
_aLISA, ESTEBAN, 18951983/ _xTRABAJOS PICTORICOS |
| 650 | 1 | 4 | _aARTE CONTEMPORANEO ESPAÑOL |
| 650 | 1 | 4 | _aARTISTAS PLASTICOS ESPAÑOLES EXPOSIONES |
| 650 | 1 | 4 | _xCATALOGOS |
| 650 | 1 | 4 | _xEXPOSICIONES |
| 650 | 1 | 4 | _aGOUACHE (PINTURA) |
| 650 | 1 | 4 | _aPINTORES ESPAÑOLES |
| 650 | 1 | 4 | _aPINTURA ESPAÑOLA |
| 999 |
_c13088 _d13088 |
||
| 260 |
_aMunchen (Alemania) : Arnoldi Livie, Arthur Ramon Art _c2010 |
||